[Event "South Carolina op"]
[Site "Greenville"]
[Date "2006.06.25"]
[Round "5"]
[White "Staley, Timothy"]
[Black "Templeton, Zachary"]
[Result "0-1"]
[WhiteElo "974"]
[BlackElo "1230"]
[PlyCount "106"]
[EventDate "2006.06.23"]
[EventType "swiss"]
[EventRounds "5"]
[EventCountry "USA"]
[SourceTitle "CBM 112 Extra"]
[Source "ChessBase"]
[SourceDate "2006.07.14"]
[SourceVersion "1"]
[SourceVersionDate "2006.07.14"]
[SourceQuality "1"]

1. c4 e5 2. Nc3 Nf6 3. g3 Nc6 4. Bg2 Bc5 5. e3 0-0 6. Nge2 Re8 7. d3 d6 8. a3 a5 9. f4 exf4 10. d4 Bb6 11. d5 Nb8 12. Nxf4 Bxe3 13. Nce2 Bxf4 14. Bxf4 Bg4 15. Bf1 Qe7 16. h3 Bf3 17. Rh2 Nbd7 18. Rf2 Qe4 19. Kd2 Nc5 20. Qc2 Bxe2 21. Rxe2 Qd4+ 22. Kc1 Rxe2 23. Bxe2 Qg1+ 24. Bd1 Re8 25. Kb1 Re1 26. Ka2 Nfe4 27. Bd2 Nxd2 28. Qxd2 h6 29. b4 Ne4 30. Qd3 Nf2 31. Qc2 Nxd1 32. Rxd1 Rxd1 33. bxa5 Ra1+ 34. Kb3 Qb1+ 35. Qxb1 Rxb1+ 36. Ka4 Rh1 37. h4 Rg1 38. Kb4 Rxg3 39. c5 dxc5+ 40. Kxc5 Rxa3 41. Kb5 f5 42. d6 cxd6 43. Kb6 f4 44. Kxb7 Rxa5 45. h5 Rxh5 46. Kc7 f3 47. Kd7 f2 48. Ke8 f1Q 49. Kd7 Qf7+ 50. Kxd6 Rd5+ 51. Kc6 Qd7+ 52. Kb6 Rb5+ 53. Ka6 Qb7# 0-1

[Event "South Carolina op"]
[Site "Greenville"]
[Date "2006.06.25"]
[Round "4"]
[White "Stearns, Joseph"]
[Black "Templeton, Zachary"]
[Result "0-1"]
[WhiteElo "812"]
[BlackElo "1230"]
[PlyCount "72"]
[EventDate "2006.06.23"]
[EventType "swiss"]
[EventRounds "5"]
[EventCountry "USA"]
[SourceTitle "CBM 112 Extra"]
[Source "ChessBase"]
[SourceDate "2006.07.14"]
[SourceVersion "1"]
[SourceVersionDate "2006.07.14"]
[SourceQuality "1"]

1. d4 d5 2. c4 e6 3. Nf3 Nf6 4. Bg5 Nbd7 5. Nc3 c6 6. cxd5 exd5 7. e3 Be7 8. Bd3 0-0 9. 0-0 Re8 10. Qb3 h6 11. Bh4 Ne4 12. Bxe7 Qxe7 13. Nxe4 dxe4 14. Qa3 Qxa3 15. bxa3 exd3 16. Rad1 Nf6 17. Nd2 Bf5 18. Rfe1 Rad8 19. Rc1 Rd5 20. f3 Rb5 21. h3 Rb2 22. Rcd1 Rxa2 23. g4 Be6 24. Nb1 Rd8 25. Rxd3 Rd5 26. e4 Ra5 27. e5 Nd5 28. Rdd1 Rb5 29. f4 Rbb2 30. Nd2 Rxd2 31. Rxd2 Rxd2 32. f5 Bc8 33. e6 fxe6 34. fxe6 Nc7 35. a4 Rxd4 36. a5 Rd6 0-1